Toma de posesión del capitán general de Cataluña
Publicado:
San Jorge, núm. 82 (2n trimestre 1971), pàg. 51 :
MARC
| LEADER | 00000nam a2200000Ia 4500 | ||
|---|---|---|---|
| 001 | |||
| 008 | 160829s9999 xx 000 0 cat d | ||
| 245 | |a Toma de posesión del capitán general de Cataluña | ||
| 260 | |a San Jorge, núm. 82 (2n trimestre 1971), pàg. 51 | ||
| 600 | 1 | 0 | |a Nogueras Márquez, Joaquín, |d 1906-1991 |9 56311 |
| 650 | 0 | |a Homenatges |9 21383 | |
| 901 | |a Arxiu | ||
| 942 | |n 1 | ||
| 952 | |0 0 |1 0 |4 0 |7 1 |9 50880 |a Arxiu |b Arxiu |d 2016-12-01 |l 0 |r 2016-12-01 00:00:00 |w 2016-12-01 |y ARXIU | ||
| 999 | |c 54722 |d 54722 | ||